Probabilistic methods in applied mathematics /
Guardado en:
| Autor Principal: | |
|---|---|
| Formato: | Libro |
| Idioma: | English |
| Publicado: |
New York :
Academic Press,
1968-1973.
|
| Materias: | |
| Etiquetas: |
Agregar Etiqueta
Sin Etiquetas, Sea el primero en etiquetar este registro!
|
| LEADER | 00837cam a22002411a 4500 | ||
|---|---|---|---|
| 001 | MAT.inmabb004759 | ||
| 008 | 700928m19681973nyua#####b####001#0#eng## | ||
| 005 | 20170522163439.0 | ||
| 245 | 1 | 0 | |a Probabilistic methods in applied mathematics / |c edited by A. T. Bharucha-Reid. |
| 260 | |a New York : |b Academic Press, |c 1968-1973. | ||
| 300 | |a 3 v. : |b il. ; |c 24 cm. | ||
| 504 | |a Incluye referencias bibliográficas. | ||
| 510 | 4 | |a MR, |c 41 #4701a |3 v. 1 | |
| 510 | 4 | |a MR, |c 52 #15582 |3 v. 3 | |
| 100 | 1 | |a Bharucha-Reid, A. T. |q (Albert T.) | |
| 650 | 0 | |a Probabilities. | |
| 650 | 0 | |a Stochastic processes. | |
| 084 | |a 60-06 |2 MR | ||
| 010 | |a 68018657 | ||
| 040 | |a DLC |c DLC |d DLC | ||
| 859 | |h 60 |i P962m |p A-4170 |v I |3 v. 1 |b BIB. MATEMATICA | ||
| 859 | |h 60 |i P962m |p A-4171 |v 2 |3 v. 2 |b BIB. MATEMATICA | ||
| 859 | |h 60 |i P962m |p A-4172 |v 3 |3 v. 3 |b BIB. MATEMATICA | ||
